[Event "7th Marques Prol"]
[Site "Santos BRA"]
[Date "2010.08.14"]
[Round "8"]
[White "Martins,Vin"]
[Black "Campelo,L"]
[Result "1/2-1/2"]
[WhiteElo "2250"]
[BlackElo "2237"]

1.Nf3 Nf6 2.c4 g6 3.Nc3 Bg7 4.e4 d6 5.d4 O-O 6.Be2 e5 7.O-O Nc6 8.d5 Ne7
9.b4 Nh5 10.Re1 f5 11.Ng5 Nf6 12.Bf3 c6 13.Bb2 h6 14.Ne6 Bxe6 15.dxe6 fxe4
16.Nxe4 Nxe4 17.Rxe4 d5 18.cxd5 cxd5 19.Rxe5 Bxe5 20.Bxe5 Qb6 21.Bb2 Rad8
22.Qe2 d4 23.Rd1 Rf6 24.Bg4 h5 25.Bh3 Qxb4 26.Qe5 Qxb2 27.Qxf6 Qc2 28.Qf7+ Kh8
29.Qf6+ Kg8 30.Qf7+ Kh8 31.Qf6+  1/2-1/2

[Event "14th HZ Open"]
[Site "Vlissingen NED"]
[Date "2010.08.14"]
[Round "9"]
[White "Baekelant,E"]
[Black "Hoffman,Ro"]
[Result "1/2-1/2"]
[WhiteElo "2034"]
[BlackElo "2128"]

1.d4 Nf6 2.c4 g6 3.Nc3 Bg7 4.e4 d6 5.Nf3 O-O 6.Be2 e5 7.O-O Nc6 8.d5 Ne7
9.b4 a5 10.bxa5 c5 11.Nd2 Rxa5 12.Qc2 Nd7 13.Nb3 Ra6 14.f4 f5 15.Bd3 fxe4
16.Bxe4 Nf6 17.Rb1 Nf5 18.Bf3 exf4 19.Bxf4 Nd7 20.Nb5 Ne5 21.Be4 Bd7 22.Rbe1 Ra4
23.Nd2 Rb4 24.a3 Rb2 25.Qxb2 Nf3+ 26.Nxf3 Bxb2 27.Nxd6 Nd4 28.Bh6 Nxf3+ 29.Bxf3 Bd4+
30.Kh1 Bg7 31.Bxg7 Kxg7 32.Nxb7 Qb6 33.Re7+ Rf7 34.Rxf7+ Kxf7 35.d6 Kg7 36.Rd1 Kf6
37.h3 h5 38.Re1 Be6 39.Rd1 Bd7 40.Re1 Be6 41.Rd1 Bd7 42.Re1  1/2-1/2

[Event "Negroponte Open"]
[Site "Chalkis GRE"]
[Date "2010.08.15"]
[Round "7"]
[White "Atalik,S"]
[Black "Ganguly,S"]
[Result "1-0"]
[WhiteElo "2607"]
[BlackElo "2655"]

1.d4 Nf6 2.c4 g6 3.Nc3 Bg7 4.e4 d6 5.Nf3 O-O 6.Be2 e5 7.O-O Nc6 8.d5 Ne7
9.b4 Ne8 10.a4 f5 11.a5 Nf6 12.Bg5 Nh5 13.Rc1 h6 14.Bxe7 Qxe7 15.g3 Nf6 16.Nh4 Qf7
17.exf5 gxf5 18.f4 e4 19.Nb5 a6 20.Nd4 Nh7 21.c5 Rd8 22.c6 Qf6 23.Ne6 Bxe6
24.dxe6 Qxe6 25.cxb7 Rab8 26.Rc6 Kh8 27.Bc4 Qf6 28.Bxa6 Nf8 29.Qd5 Ng6 30.Nxg6+ Qxg6
31.Rxc7 h5 32.Qf7 Qxf7 33.Rxf7 d5 34.Rxf5 Rd6 35.Rxh5+ Kg8 36.Rc1 Bd4+ 37.Kf1 Ba7
38.b5  1-0

[Event "ch-FRA NatB"]
[Site "Belfort FRA"]
[Date "2010.08.16"]
[Round "7"]
[White "Benitah,Y"]
[Black "Bailet,P"]
[Result "0-1"]
[WhiteElo "2382"]
[BlackElo "2425"]

1.d4 Nf6 2.c4 g6 3.Nc3 Bg7 4.e4 d6 5.Nf3 O-O 6.Be2 e5 7.O-O Nc6 8.d5 Ne7
9.Ne1 Nd7 10.Nd3 f5 11.f3 f4 12.Bd2 g5 13.Rc1 Nf6 14.c5 Ng6 15.Nb5 Rf7 16.Ba5 b6
17.cxd6 cxd6 18.Bb4 Bf8 19.Nf2 a6 20.Na3 b5 21.Qe1 h5 22.Ba5 Qe8 23.h3 Nh4
24.Kh1 Be7 25.Rc7 Bd7 26.Bb4 Rg7 27.Rg1 g4 28.fxg4 hxg4 29.Rxd7 Qxd7 30.Nxg4 Nxg4
31.Bxg4 Rxg4 32.hxg4 Kf7 33.Rf1 Qxg4 34.Rf2 Rg8 35.Qe2 f3 36.Be1 Ke8 37.Rxf3 Nxg2
38.Bg3 Nh4  0-1

[Event "6th Prospero A Pichay Cup"]
[Site "Manila PHI"]
[Date "2010.08.21"]
[Round "1"]
[White "Caturla,C"]
[Black "Yu Lie"]
[Result "1/2-1/2"]
[WhiteElo "2250"]
[BlackElo "2447"]

1.c4 Nf6 2.Nc3 g6 3.e4 d6 4.d4 Bg7 5.Nf3 O-O 6.Be2 e5 7.O-O Nc6 8.d5 Ne7
9.Nd2 Nd7 10.b4 f5 11.Ba3 a5 12.bxa5 Rxa5 13.Bb4 Ra8 14.Nb3 Nf6 15.Qc2 fxe4
16.Nxe4 Nxe4 17.Qxe4 Rf4 18.Qc2 Bd7 19.Bd2 Rf7 20.Bc3 Qf8 21.Nd2 c6 22.Qb3 cxd5
23.cxd5 Ba4 24.Qb2 Nxd5 25.Bc4 Bc6 26.Ne4 Nf4 27.Bxf7+ Qxf7 28.f3 d5 29.Ng3 Re8
30.Rad1 h5 31.Ne2 d4 32.Be1 Nd5 33.Bd2 h4 34.h3 Ne7 35.Nc1 Nf5 36.Nd3 Bd5
37.a3 Bb3 38.Rc1 Bc4 39.Qc2 b5 40.Rfe1 Ng3 41.Bg5 e4 42.fxe4 Nxe4 43.Bxh4 Bh6
44.Nf2 Bxc1 45.Qxc1 Nxf2 46.Rxe8+ Qxe8 47.Bxf2 Qe4 48.Qe1 Qd5 49.Qe8+ Kh7
50.Qe7+ Kg8 51.Qe8+ Kh7 52.Qe7+ Kg8  1/2-1/2

[Event "2nd DOCA FIDE"]
[Site "Branchburg USA"]
[Date "2010.08.22"]
[Round "8"]
[White "Chen,Kevin"]
[Black "Stoyko,S"]
[Result "1-0"]
[WhiteElo "2071"]
[BlackElo "2209"]

1.d4 Nf6 2.c4 g6 3.Nc3 Bg7 4.e4 d6 5.Nf3 O-O 6.Be2 e5 7.O-O Nc6 8.d5 Ne7
9.h3 Ne8 10.Be3 f5 11.Rc1 f4 12.Bd2 Bf6 13.b4 h5 14.Nh2 Rf7 15.Na4 Rh7 16.c5 Ng7
17.Rc3 Kh8 18.Qc2 Bd7 19.b5 b6 20.cxd6 cxd6 21.Nb2 Ne8 22.Rc1 g5 23.Qb3 Ng6
24.Qd1 Ng7 25.a4 Qe8 26.Nd3 Bd8 27.Nb4 Ne7 28.Nc6 Bxc6 29.bxc6 Bc7 30.Ra3 a5
31.f3 Qg6 32.Be1 Ng8 33.Bf2 Nf6 34.Rc4 Rg8 35.Rb3 Nge8 36.Bxb6 g4 37.fxg4 hxg4
38.Nxg4 Nxg4 39.Bxg4 Bxb6+ 40.Rxb6 Nf6 41.c7 Nxg4 42.Qxg4 Qxg4 43.hxg4 Rc8
44.Rb8  1-0

[Event "9th Open"]
[Site "Istanbul TUR"]
[Date "2010.08.22"]
[Round "3"]
[White "Sumets,A"]
[Black "Miyak,B"]
[Result "1-0"]
[WhiteElo "2618"]
[BlackElo "2173"]

1.d4 Nf6 2.c4 g6 3.Nc3 Bg7 4.Nf3 d6 5.e4 O-O 6.Be2 e5 7.O-O Nc6 8.d5 Ne7
9.Ne1 Nd7 10.Be3 f5 11.f3 f4 12.Bf2 g5 13.Rc1 a5 14.Nd3 b6 15.a3 Ng6 16.b4 axb4
17.axb4 Rf7 18.c5 bxc5 19.bxc5 Bf8 20.cxd6 Bxd6 21.Ra1 Rxa1 22.Qxa1 Qe7 23.Nb5 Nf6
24.Rc1 Bd7 25.Nxc7 g4 26.Qa2 g3 27.hxg3 fxg3 28.Bxg3 Nh5 29.Bf2 Ngf4 30.Nxf4 Nxf4
31.Ne6 Nxe2+ 32.Qxe2 Bxe6 33.dxe6 Qxe6 34.Qa6 Qe7 35.Rc6 Bb4 36.Qc8+ Kg7
37.Qg4+ Kh8 38.Bh4 Qa7+ 39.Kh2 Be7 40.Rc8+ Bf8 41.Qe6 Kg8 42.Bf6 Qd7 43.Qxd7 Rxd7
44.Bxe5 Rd1 45.Kh3 Kf7 46.Kg4 Be7 47.Kf5  1-0

[Event "TCh-SRB 1st League"]
[Site "Vrnjacka Banja SRB"]
[Date "2010.08.22"]
[Round "2"]
[White "Antic,De"]
[Black "Brenjo,S"]
[Result "1/2-1/2"]
[WhiteElo "2504"]
[BlackElo "2522"]

1.d4 Nf6 2.c4 g6 3.Nc3 Bg7 4.e4 d6 5.Nf3 O-O 6.Be2 e5 7.O-O Nc6 8.d5 Ne7
9.b4 Nh5 10.Re1 Nf4 11.Bf1 a5 12.bxa5 Rxa5 13.a4 c5 14.Ra3 Ra6 15.Nb5 h6
16.Nd2 g5 17.g3 Nfg6 18.Be2 f5 19.exf5 Nxf5 20.Bh5 Nge7 21.Bg4 Nd4 22.Bxc8 Qxc8
23.Bb2 Nef5 24.Ne4 Qd7 25.Bxd4 Nxd4 26.f3 Rf7 27.Kg2 Bf8 28.h3 Nf5 29.Qd2  1/2-1/2

[Event "7th Open"]
[Site "Kalamaria GRE"]
[Date "2010.08.27"]
[Round "3"]
[White "Atalik,S"]
[Black "Erdogdu,M"]
[Result "1-0"]
[WhiteElo "2607"]
[BlackElo "2448"]

1.d4 Nf6 2.c4 g6 3.Nc3 Bg7 4.e4 d6 5.Nf3 O-O 6.Be2 e5 7.O-O Nc6 8.d5 Ne7
9.b4 a5 10.Ba3 axb4 11.Bxb4 Nd7 12.a4 Bh6 13.a5 f5 14.Bd3 Kh8 15.Re1 Rf7
16.h3 Ng8 17.Ra3 Ndf6 18.c5 fxe4 19.Nxe4 Nxe4 20.Bxe4 Nf6 21.cxd6 cxd6 22.Bd2 Bxd2
23.Qxd2 b6 24.Ng5 Rf8 25.a6 Qe7 26.Bd3 Ra7 27.Bb5 Ne8 28.Bxe8 Rxe8 29.Rf3 Rf8
30.Rxf8+ Qxf8 31.Qb4 Rxa6 32.Qxd6 Qxd6 33.Nf7+ Kg7 34.Nxd6 Bd7 35.f4 Ra5
36.Rxe5 Kf8 37.Ne4 h5 38.Nf6 Ra1+ 39.Kf2 Ba4 40.Re6 Rb1 41.Nh7+ Kg8 42.Ng5 Kg7
43.Re7+ Kg8 44.Ne6 Rd1 45.Rg7+ Kh8 46.Rxg6 Rxd5 47.g4 hxg4 48.hxg4 Bc2 49.Rf6 b5
50.Rf8+ Kh7 51.Rb8 Bd3 52.Ke3 Bc2 53.Nd4 Ba4 54.Rb7+ Kg8 55.g5 Rc5 56.f5 Bc2
57.Rb8+ Kh7 58.Rb7+ Kg8 59.Kf4 Bd3 60.Rb8+ Kh7 61.g6+ Kh6 62.g7 Bc4 63.g8=Q  1-0

[Event "9th Georgiev-Kesarovski Mem"]
[Site "Sunny Beach BUL"]
[Date "2010.08.29"]
[Round "2"]
[White "Vasilev,VasilA"]
[Black "Dalmau,Jo"]
[Result "0-1"]
[WhiteElo "2368"]
[BlackElo "2138"]

1.Nf3 Nf6 2.c4 g6 3.Nc3 Bg7 4.e4 d6 5.d4 O-O 6.Be2 e5 7.O-O Nc6 8.d5 Ne7
9.b4 a5 10.Ba3 axb4 11.Bxb4 Nd7 12.Nd2 f5 13.Nb3 b6 14.a4 Nf6 15.Qd3 fxe4
16.Nxe4 Nxe4 17.Qxe4 Rf4 18.Qc2 Nxd5 19.Bd2 Ba6 20.Rae1 Nf6 21.Bxf4 exf4
22.Nd4 Qd7 23.Bd3 Bb7 24.Qe2 Re8 25.Qd1 Re5 26.Nf3 Qc6 27.Bc2 Rg5 28.Kh1 Rh5
29.Re7 Bf8 30.Re6 Kf7 31.Kg1 Bc8 32.Nd4 Qa8 33.Re2 Bb7 34.f3 Re5 35.Rfe1 Qa5
36.Nb5 Qb4 37.Rxe5 dxe5 38.Rxe5 Bc5+ 39.Kh1 Bc6 40.Nxc7 Bd6 41.Re6 Bxc7 42.Rxc6 Be5
43.Qb1 Qc3 44.Qxb6 Kg7 45.h4 Qd2 46.h5 Qf2 47.Bxg6 Qh4+  0-1

[Event "9th Georgiev-Kesarovski Mem"]
[Site "Sunny Beach BUL"]
[Date "2010.08.29"]
[Round "2"]
[White "Krustev,V"]
[Black "Popovic,AM"]
[Result "0-1"]
[WhiteElo "2002"]
[BlackElo "2244"]

1.d4 Nf6 2.c4 g6 3.Nc3 Bg7 4.e4 O-O 5.Nf3 d6 6.Be2 e5 7.O-O Nc6 8.d5 Ne7
9.Ne1 Nd7 10.Nd3 f5 11.Bd2 fxe4 12.Nxe4 Nf5 13.Ng5 Nf6 14.Bc3 Nxd5 15.Ne4 Nxc3
16.Nxc3 Be6 17.Re1 Nd4 18.Nb4 Qh4 19.g3 Qh3 20.Bf1 Qf5 21.f4 exf4 22.Nbd5 Rae8
23.Nxf4 Qc5 24.Kh1 Bxc4 25.Bg2 Rxe1+ 26.Qxe1 Nc2 27.Qe7 Nxa1 28.Ncd5 Rxf4
29.Nxf4 Bf7 30.h4 Bf8 31.Qd7 Qf2 32.Kh2 Nc2 33.Nh3 Qf5 34.Qxc7 Ne3 35.Bxb7 Ng4+
36.Kg2 Bd5+ 37.Bxd5+ Qxd5+ 38.Kf1 Qd1+ 39.Kg2 Qe2+  0-1

[Event "9th Georgiev-Kesarovski Mem"]
[Site "Sunny Beach BUL"]
[Date "2010.08.30"]
[Round "3"]
[White "Milfort,V"]
[Black "Lausman,P"]
[Result "0-1"]
[WhiteElo "1661"]
[BlackElo "2033"]

1.d4 Nf6 2.Nf3 d6 3.c4 g6 4.Nc3 Bg7 5.e4 O-O 6.Be2 Nc6 7.O-O e5 8.dxe5 Nxe5
9.Nxe5 dxe5 10.Bg5 c6 11.Qc2 Be6 12.Rfd1 Qc7 13.Rd2 Rad8 14.Rad1 h6 15.Be3 b6
16.Rxd8 Rxd8 17.Rxd8+ Qxd8 18.Qc1 Kh7 19.h3 Ne8 20.b3 f5 21.exf5 gxf5 22.Qc2 Qh4
23.Bg4 Qf6 24.Ne2 Kg8 25.Bh5 Nc7 26.Nc1 e4 27.Be2 f4 28.Bd2 f3 29.Bf1 Bf5
30.Be3 Qg6 31.Kh1 Be5 32.Qd2 Ne6 33.Bxh6 Qh5 34.Be3 fxg2+ 35.Bxg2 Bxh3 36.f3 Bg4+
37.Kg1 Qh2+ 38.Kf1 exf3 39.Bg1 fxg2+ 40.Qxg2 Qf4+  0-1

[Event "7th Malaysia Open"]
[Site "Kuala Lumpur MAS"]
[Date "2010.09.04"]
[Round "5"]
[White "Nakamura,N"]
[Black "Azarya,J"]
[Result "1-0"]
[WhiteElo "2064"]
[BlackElo "1730"]

1.d4 g6 2.Nf3 Bg7 3.c4 d6 4.Nc3 Nf6 5.e4 O-O 6.Be2 e5 7.O-O Nc6 8.d5 Ne7
9.Nd2 c5 10.a3 Ne8 11.b4 b6 12.Nb3 f5 13.Bg5 Nf6 14.bxc5 bxc5 15.Nxc5 dxc5
16.d6 Be6 17.dxe7 Qxe7 18.exf5 gxf5 19.Nd5 Bxd5 20.cxd5 Qd6 21.Bc4 Nd7 22.Be7 Qg6
23.Bxf8 Rxf8 24.d6+ Kh8 25.Bb5 Nb6 26.Rc1 Rd8 27.Rxc5 Rxd6 28.Qc2 Qg5 29.Rd1 Rg6
30.g3 h5 31.Qd2  1-0

[Event "7th Malaysia Open"]
[Site "Kuala Lumpur MAS"]
[Date "2010.09.04"]
[Round "6"]
[White "Laxman,R"]
[Black "Neelotpal,D"]
[Result "1/2-1/2"]
[WhiteElo "2498"]
[BlackElo "2454"]

1.Nf3 Nf6 2.c4 g6 3.Nc3 Bg7 4.e4 d6 5.d4 O-O 6.Be2 e5 7.O-O Nc6 8.d5 Ne7
9.b4 Nh5 10.Re1 f5 11.Ng5 Nf6 12.f3 Kh8 13.c5 h6 14.Ne6 Bxe6 15.dxe6 d5 16.exd5 Nfxd5
17.Nxd5 Qxd5 18.Qb3 Qxb3 19.axb3 Nc6 20.Ra4 Rfe8 21.Bc4 a6 22.b5 axb5 23.Rxa8 Rxa8
24.Bxb5 Re8 25.Rd1 Rxe6 26.Rd7 Bf8 27.Rxc7 Bxc5+ 28.Kf1 Re7 29.Rxe7 Bxe7
30.Bb2 Nd4 31.Bxd4 exd4 32.g4 f4 33.Ke2 b6  1/2-1/2

[Event "7th Malaysia Open"]
[Site "Kuala Lumpur MAS"]
[Date "2010.09.05"]
[Round "7"]
[White "Bakri,Al"]
[Black "Aquino,J"]
[Result "0-1"]
[WhiteElo "1904"]
[BlackElo "2245"]

1.d4 Nf6 2.c4 g6 3.Nc3 Bg7 4.Nf3 O-O 5.e4 d6 6.Be2 Nc6 7.O-O e5 8.dxe5 Nxe5
9.Nxe5 dxe5 10.Bg5 c6 11.Qxd8 Rxd8 12.h3 Re8 13.Bxf6 Bxf6 14.Bg4 Bxg4 15.hxg4 Rad8
16.Rad1 Rd4 17.b3 Red8 18.f3 Rd3 19.Rxd3 Rxd3 20.Nb1 Bh4 21.Kh2 a5 22.Rc1 Bd8
23.c5 a4 24.bxa4 Rd4 25.Rc2 Rxa4 26.Nd2 Kf8 27.Nb3 Ke8 28.Kg3 Kd7 29.Kf2 Ke6
30.Ke2 Bg5 31.g3 f5 32.gxf5+ gxf5 33.Kd3 Kf6 34.exf5 Kxf5 35.Nd2 Rd4+ 36.Ke2 Rxd2+
37.Rxd2 Bxd2 38.Kxd2 Ke6 39.Kc3 Kd5 40.Kb4 Kd4 41.a4 h5 42.g4 h4 43.g5 Kd5
44.g6 Ke6 45.g7 Kf7 46.Ka5 h3 47.Kb6 h2 48.a5 h1=Q 49.Kxb7 Qxf3 50.a6 Qb3+
51.Kxc6 Qb8  0-1

[Event "7th Malaysia Open"]
[Site "Kuala Lumpur MAS"]
[Date "2010.09.05"]
[Round "7"]
[White "Wen Yang"]
[Black "Wan Yunguo"]
[Result "1/2-1/2"]
[WhiteElo "2520"]
[BlackElo "2450"]

1.d4 Nf6 2.c4 g6 3.Nc3 Bg7 4.e4 d6 5.Nf3 O-O 6.Be2 e5 7.O-O Nc6 8.d5 Ne7
9.Ne1 Nd7 10.f3 f5 11.g4 Nf6 12.Nd3 Kh8 13.Be3 c6 14.Kh1 b5 15.g5 Nh5 16.cxb5 cxb5
17.Nxb5 Qd7 18.Nc3 fxe4 19.fxe4 Ng3+ 20.Kg1 Nxf1 21.Bxf1 Rb8 22.Rb1 Ba6 23.Bg2 Nc8
24.Nf2 Nb6 25.b3 Qe7 26.h4 Rfc8 27.Rc1 Rc7 28.Qd2 Qd8 29.Kh2 Qc8 30.Kg3 Qb7
31.Bh3 Nd7 32.Nfd1 Nc5 33.Nf2 Qb4 34.Na4 Nxe4+ 35.Nxe4 Rxc1 36.Qxb4 Rxb4
37.Nxd6 Rc7 38.Nc5 Bf8 39.Nxa6 Rc3 40.Nf7+ Kg7 41.Kf2 Kxf7 42.Be6+ Ke8 43.Nxb4 Bxb4
44.Bxa7 Rc2+ 45.Ke3 Bd6 46.b4 Ke7 47.Bg8 Kf8 48.Be6 Rc3+ 49.Ke2 e4 50.b5 Bf4
51.d6 Rc2+ 52.Kf1 Bxd6 53.Bb3 Rc7 54.Bd4 Rc1+ 55.Ke2 Rh1 56.b6 Rxh4 57.b7 Bb8
58.a4 Rh2+ 59.Kd1 Rh1+ 60.Kc2 Rh2+ 61.Kd1 Rh1+ 62.Kc2 Rh2+  1/2-1/2

[Event "12th Open"]
[Site "Trieste ITA"]
[Date "2010.09.11"]
[Round "9"]
[White "Vidic,M SLO"]
[Black "Ivanovic,A"]
[Result "1/2-1/2"]
[WhiteElo "2016"]
[BlackElo "1898"]

1.d4 Nf6 2.c4 g6 3.Nc3 Bg7 4.e4 d6 5.Nf3 O-O 6.Be2 e5 7.O-O Nc6 8.d5 Ne7
9.b4 Nh5 10.Re1 Nf4 11.Bf1 h6 12.Bxf4 exf4 13.Rc1 Bg4 14.Be2 Bxf3 15.Bxf3 g5
16.Ne2 a5 17.a3 Bb2 18.Rb1 Bxa3 19.bxa5 Rxa5 20.Rxb7 Qc8 21.Rb3 Bc5 22.Bh5 f6
23.Nd4 Bxd4 24.Qxd4 Qa6 25.h4 Ra4 26.hxg5 hxg5 27.Rc1 Qa7 28.Qxa7 Rxa7 29.c5 Nc8
30.Bg4 dxc5 31.Rxc5 Nd6 32.Be6+ Kh8 33.f3 Re8 34.g3 fxg3 35.Kg2 Kg7 36.Kxg3 Re7
37.Kg4 Ra8 38.Rb2 Kf8 39.Rh2 Kg7 40.Rc1 Rh8 41.Rhc2 Ne8 42.Kg3 Kf8 43.Bf5 Rh6
44.Rc6 Kg7 45.Ra6 Kf8 46.Ra7 Rh8 47.Bg6 Kg7 48.Bxe8 Rhxe8 49.Rc6 Rf7 50.Rcxc7 Rxc7
51.Rxc7+ Kg6 52.Rc6 Kf7 53.Kg4 Kg7 54.Rc7+ Kg6 55.d6 Rd8 56.d7 f5+ 57.exf5+ Kf6
58.f4 gxf4 59.Kxf4 Rxd7 60.Rc6+ Kg7 61.Kg5 Ra7 62.Rg6+ Kf7 63.Rh6 Kg7 64.f6+ Kg8
65.Kg6 Rg7+ 66.Kf5 Ra7 67.Rh4 Ra1 68.Rc4 Rf1+ 69.Ke5 Re1+  1/2-1/2

[Event "Open"]
[Site "Livigno ITA"]
[Date "2010.09.13"]
[Round "4"]
[White "Berend,F"]
[Black "Weisbuch,U"]
[Result "1-0"]
[WhiteElo "2382"]
[BlackElo "2306"]

1.d4 Nf6 2.c4 g6 3.Nc3 Bg7 4.e4 d6 5.Nf3 O-O 6.Be2 e5 7.O-O Nc6 8.d5 Ne7
9.Nd2 Nd7 10.b4 a5 11.bxa5 Rxa5 12.Nb3 Ra8 13.a4 f5 14.f3 Kh8 15.Be3 b6 16.a5 Nc5
17.axb6 Rxa1 18.Qxa1 Nxb3 19.Qb2 Nd4 20.b7 Bxb7 21.Qxb7 Nxe2+ 22.Nxe2 fxe4
23.fxe4 Rxf1+ 24.Kxf1 Ng8 25.Bf2 Bh6 26.h3 Nf6 27.Nc3 Bd2 28.Nb5 Nxe4 29.Nxc7 Qf8
30.Qa7 Qxf2+ 31.Qxf2 Nxf2 32.Kxf2 Bb4 33.Na6 Ba5 34.Kf3 Kg7 35.c5 dxc5 36.Nxc5 Bb4
37.Nd7 Bc3 38.Ke4 Kf7 39.Nxe5+ Ke7 40.Nc6+ Kd7 41.Nd4 Bb2 42.Ne6 Ke7 43.Ng5 h6
44.Nf3 Bf6 45.Ne5 Kd6 46.Nxg6 Bg7 47.Nh4 Bf8 48.g4 Kd7 49.Nf5  1-0

[Event "EYCC Boys U18"]
[Site "Batumi GEO"]
[Date "2010.09.20"]
[Round "1"]
[White "Sipahioglu,I"]
[Black "Geske,J"]
[Result "1-0"]
[WhiteElo "2089"]
[BlackElo "2364"]

1.d4 Nf6 2.c4 g6 3.Nc3 Bg7 4.e4 d6 5.Nf3 O-O 6.Be2 e5 7.O-O Nc6 8.d5 Ne7
9.Ne1 Nd7 10.Nd3 f5 11.Bd2 Nf6 12.f3 f4 13.c5 g5 14.cxd6 cxd6 15.Nf2 Ng6
16.Qc2 Rf7 17.Rfc1 h5 18.h3 g4 19.fxg4 hxg4 20.hxg4 Ne8 21.a4 Bf6 22.Ra3 Bh4
23.Ncd1 Bg3 24.Nh3 Bd7 25.Ndf2 Qh4 26.Rc3 Rh7 27.Qb3 Rd8 28.Nh1 Nf6 29.Nxg3 Bxg4
30.Bxg4 Qxg4 31.Nf2 Qg5 32.Rc8 Rxc8 33.Rxc8+ Nf8 34.Nf1 Ng4 35.Qf3 Nxf2 36.Kxf2 Qh4+
37.Ke2 Qh1 38.Ng3 Qg1 39.Nf5  1-0

[Event "39th Olympiad Women"]
[Site "Khanty-Mansiysk RUS"]
[Date "2010.09.21"]
[Round "1"]
[White "Richards,De"]
[Black "Ortiz,Na"]
[Result "1-0"]
[WhiteElo "2003"]
[BlackElo "2212"]

1.c4 Nf6 2.Nc3 g6 3.e4 d6 4.d4 Bg7 5.Nf3 O-O 6.Be2 e5 7.O-O Nc6 8.d5 Ne7
9.Ne1 Nd7 10.Be3 f5 11.f3 f4 12.Bf2 g5 13.a4 a5 14.Nd3 h5 15.c5 Ng6 16.cxd6 cxd6
17.Rc1 Nf6 18.Nb5 Rf7 19.b4 axb4 20.Nb2 g4 21.Nc4 Bf8 22.Qc2 Ne8 23.Nb6 g3
24.Nxa8 Bd7 25.Bb6 Qxa8 26.a5 Be7 27.Nc7 Nxc7 28.Qxc7  1-0

[Event "39th Olympiad Women"]
[Site "Khanty-Mansiysk RUS"]
[Date "2010.09.23"]
[Round "3"]
[White "Igla,B"]
[Black "Calzetta Ruiz,M"]
[Result "1-0"]
[WhiteElo "2271"]
[BlackElo "2280"]

1.d4 Nf6 2.c4 g6 3.Nc3 Bg7 4.e4 d6 5.Nf3 O-O 6.Be2 e5 7.O-O Nc6 8.d5 Ne7
9.Ne1 Ne8 10.Be3 f5 11.exf5 Nxf5 12.Bd2 Nf6 13.Nc2 a6 14.Bd3 c6 15.Bg5 h6
16.Bd2 cxd5 17.cxd5 Kh7 18.Qb1 Bd7 19.Ne3 Ne7 20.a4 Rc8 21.a5 Be8 22.Ra3 Bf7
23.Rb3 Rc7 24.Rd1 Rd7 25.Rb6 Nc8 26.Nc4 Nxb6 27.Nxb6 Rc7 28.f3 e4 29.Nxe4 Nxd5
30.Nxd5 Bxd5 31.Be3 Rc6 32.Ng3 Bf7 33.Nh5 Re8 34.Be4 Rxe4 35.Qxe4 d5 36.Nxg7 dxe4
37.Rxd8 exf3 38.Bd4 Rc2 39.gxf3 g5 40.Nf5 Be6 41.Ne7  1-0

[Event "39th Olympiad Women"]
[Site "Khanty-Mansiysk RUS"]
[Date "2010.09.24"]
[Round "4"]
[White "Segarra Choe,T"]
[Black "Leite,C"]
[Result "0-1"]
[WhiteElo "2014"]
[BlackElo "2183"]

1.d4 Nf6 2.c4 g6 3.Nc3 Bg7 4.e4 d6 5.Nf3 O-O 6.Be2 e5 7.O-O Nc6 8.d5 Ne7
9.b4 Ne8 10.Nd2 f5 11.c5 Nf6 12.f3 f4 13.Nc4 g5 14.Ba3 h5 15.cxd6 cxd6 16.b5 Ne8
17.Qb3 g4 18.b6 a6 19.Qb4 a5 20.Nxa5 Ng6 21.Nc4 g3 22.Nxd6 Qh4 23.h3 Bxh3
24.gxh3 Qxh3 25.Rf2 Nh4 26.Nf5 Rxf5 27.exf5 g2 28.Rff1 gxf1=Q+ 29.Bxf1 Qg3+
30.Kh1 Nxf3 31.Qb2 Qg1+  0-1

[Event "39th Olympiad Women"]
[Site "Khanty-Mansiysk RUS"]
[Date "2010.09.24"]
[Round "4"]
[White "Ju Wenjun"]
[Black "Chelushkina,I"]
[Result "1-0"]
[WhiteElo "2516"]
[BlackElo "2325"]

1.d4 Nf6 2.c4 g6 3.Nc3 Bg7 4.e4 d6 5.Be2 O-O 6.Nf3 e5 7.O-O Nc6 8.d5 Ne7
9.Ne1 Nd7 10.f3 f5 11.Bg5 Nf6 12.Nd3 h6 13.Be3 g5 14.c5 Rf7 15.Rc1 Ng6 16.a4 f4
17.Bf2 h5 18.cxd6 cxd6 19.Nb5 g4 20.Qc2 Ne8 21.Kh1 Bd7 22.Nxa7 g3 23.Bg1 Nh4
24.Ne1 Nxg2 25.Nxg2 h4 26.Rfd1 h3 27.Ne1 Qa5 28.Qc3 Qd8 29.Bf1 Bf8 30.a5 Rg7
31.Rd2 Qg5 32.Bb6 Be7 33.Nc6 Bf6 34.Qd3 Kh8 35.Qc2 Rc8 36.a6 bxc6 37.dxc6 Rxc6
38.a7 Rxb6 39.a8=Q gxh2 40.Ng2 Qg3 41.Qc7 Kh7 42.Qxb6 Qxf3 43.Qf2 Qh5 44.Qa3 Bg4
45.Rc3 hxg2+ 46.Bxg2 Bh4 47.Rh3 Bxf2 48.Rxh5+ Bxh5 49.Rxf2 Rg3 50.Qa7+ Rg7
51.Qa4 Nf6 52.Bf3 Rg1+ 53.Kxh2 Rg5 54.Bxh5 Rxh5+ 55.Kg1  1-0

[Event "TCh-BEL 2010-11"]
[Site "Belgium BEL"]
[Date "2010.09.26"]
[Round "1.8"]
[White "Van Heirzeele,D"]
[Black "Le Quang,K"]
[Result "1/2-1/2"]
[WhiteElo "2114"]
[BlackElo "2318"]

1.d4 Nf6 2.c4 g6 3.Nc3 Bg7 4.e4 d6 5.Nf3 O-O 6.Be2 e5 7.O-O Nc6 8.d5 Ne7
9.Be3 Ng4 10.Bd2 f5 11.Ng5 Nf6 12.exf5 Nxf5 13.Bd3 c6 14.Rc1 Kh8 15.Nge4 Nxe4
16.Nxe4  1/2-1/2

[Event "EYCC Boys U14"]
[Site "Batumi GEO"]
[Date "2010.09.27"]
[Round "8"]
[White "Menezes,Chr"]
[Black "Rindlisbacher,L"]
[Result "0-1"]
[WhiteElo "2040"]
[BlackElo "2190"]

1.d4 Nf6 2.c4 g6 3.Nc3 Bg7 4.e4 d6 5.Nf3 O-O 6.Be2 e5 7.O-O Nc6 8.d5 Ne7
9.Ne1 Nd7 10.Nd3 f5 11.Bd2 Kh8 12.Rc1 c6 13.f3 Nf6 14.g4 h6 15.Be3 fxg4 16.fxg4 g5
17.Nf2 Ng6 18.c5 cxd5 19.exd5 Nf4 20.Bc4 Nh3+ 21.Nxh3 Bxg4 22.Be2 Bxh3 23.Rf2 Rc8
24.Nb5 dxc5 25.Bxc5 Rxc5 26.Rxc5 Ne4  0-1

[Event "39th Olympiad Women"]
[Site "Khanty-Mansiysk RUS"]
[Date "2010.09.27"]
[Round "6"]
[White "Hamrakulova,Y"]
[Black "Llaneza Vega,P"]
[Result "1/2-1/2"]
[WhiteElo "2207"]
[BlackElo "2207"]

1.d4 Nf6 2.c4 g6 3.Nc3 Bg7 4.e4 d6 5.Nf3 O-O 6.Be2 e5 7.O-O Nc6 8.d5 Ne7
9.b4 Nh5 10.Re1 a5 11.Ba3 axb4 12.Bxb4 Nf4 13.c5 dxc5 14.Bxc5 b6 15.Bb4 Nxe2+
16.Qxe2 Re8 17.Red1 Ba6 18.Nb5 Qd7 19.a4 Nc8 20.Rab1 Na7 21.Bc3 Nc8 22.Bb4 Na7
23.Bc3 Nc8 24.Bb4  1/2-1/2

[Event "39th Olympiad Women"]
[Site "Khanty-Mansiysk RUS"]
[Date "2010.09.27"]
[Round "6"]
[White "Segarra Choe,T"]
[Black "Richards,De"]
[Result "0-1"]
[WhiteElo "2014"]
[BlackElo "2003"]

1.d4 Nf6 2.c4 g6 3.Nc3 Bg7 4.e4 d6 5.Nf3 O-O 6.Be2 e5 7.O-O Nc6 8.d5 Ne7
9.Ne1 Nd7 10.Be3 f5 11.f3 f4 12.Bf2 g5 13.Nd3 h5 14.c5 Nf6 15.Rc1 g4 16.cxd6 cxd6
17.Kh1 Ng6 18.a4 a6 19.b4 g3 20.hxg3 fxg3 21.Bxg3 h4 22.Bh2 Nh5 23.Qe1 Ng3+
24.Bxg3 hxg3 25.Qxg3 Nf4 26.Nf2 Rf6 27.Ng4 Rg6 28.a5 Bd7 29.Kg1 Rc8 30.Qf2 Qg5
31.Rfd1 Rf8 32.Qe1 Rf7 33.g3 Nh3+ 34.Kg2 Bxg4 35.fxg4 Rf2+ 36.Qxf2 Nxf2 37.Kxf2 Rf6+
38.Bf3 Bh6 39.Re1 Qd2+ 40.Ne2 Qe3+  0-1

[Event "EYCC Boys U14"]
[Site "Batumi GEO"]
[Date "2010.09.28"]
[Round "9"]
[White "Rindlisbacher,L"]
[Black "Daskalov,D"]
[Result "1/2-1/2"]
[WhiteElo "2190"]
[BlackElo "2021"]

1.d4 Nf6 2.c4 g6 3.Nc3 Bg7 4.e4 d6 5.Nf3 O-O 6.Be2 e5 7.O-O Nc6 8.d5 Ne7
9.b4 Nh5 10.c5 f5 11.Qb3 Nf6 12.Bd3 Kh8 13.Nd2 f4 14.f3 g5 15.Ba3 h5 16.Nc4 Ne8
17.b5 Ng6 18.b6 cxb6 19.cxb6 a6 20.Kf2 g4 21.Ke2 Nh4 22.Rg1 Rf6 23.Nd2 Rg6
24.Raf1 Qg5 25.Qa4 Nf6 26.Bxd6 Nxg2 27.Rxg2 gxf3+ 28.Nxf3 Qxg2+ 29.Rf2 Qh3
30.Ke1 Bd7 31.Qc2 Ng4 32.Bf1 Ne3 33.Bxh3 Nxc2+ 34.Rxc2 Rxd6 35.Ng5 Kg8 36.Bxd7 Rxd7
37.Na4 Bf6  1/2-1/2

[Event "Karen Asrian Memorial"]
[Site "Jermuk ARM"]
[Date "2010.10.06"]
[Round "2"]
[White "Kotanjian,T"]
[Black "Aghabekian,L"]
[Result "1-0"]
[WhiteElo "2522"]
[BlackElo "2146"]

1.d4 Nf6 2.c4 g6 3.Nc3 Bg7 4.e4 d6 5.Nf3 O-O 6.Be2 e5 7.O-O Nc6 8.d5 Ne7
9.Ne1 Nd7 10.Nd3 f5 11.f3 f4 12.Bd2 g5 13.Rc1 Ng6 14.b4 Nf6 15.Nf2 h5 16.h3 Rf7
17.c5 Bf8 18.cxd6 cxd6 19.a4 Nh4 20.Nb5 Rg7 21.Be1 a6 22.Na3 g4 23.fxg4 hxg4
24.hxg4 Nh5 25.Nh3 Ng3 26.Bxg3 fxg3 27.a5 Ng6 28.Rc3 Qh4 29.Nc4 Nf4 30.Rxf4 exf4
31.Nb6 Rb8 32.Nxc8 Be7 33.e5 dxe5 34.d6 Bd8 35.Rc5 Qf6 36.g5 Qf5 37.Bg4 Qe4
38.Qd5+ Qxd5 39.Rxd5 Kf8 40.d7 Rg6 41.Rxe5 Rc6 42.Kf1  1-0

[Event "Tatry Open"]
[Site "Tatranske Zruby CZE"]
[Date "2010.10.06"]
[Round "6"]
[White "Obona,J"]
[Black "Farkas,V"]
[Result "1-0"]
[WhiteElo "2145"]
[BlackElo "1946"]

1.d4 Nf6 2.c4 d6 3.Nc3 g6 4.e4 Bg7 5.Nf3 O-O 6.Be2 e5 7.O-O Nc6 8.d5 Ne7
9.b4 Ne8 10.c5 h6 11.a4 a6 12.Ba3 f5 13.Nd2 f4 14.Nc4 b6 15.Rc1 Kh7 16.Bg4 Bxg4
17.Qxg4 h5 18.Qh3 Bh6 19.Rc2 Rb8 20.cxb6 cxb6 21.b5 a5 22.Nd1 Rf7 23.Ndb2 Nc8
24.Nd3 Nf6 25.f3 Bf8 26.Rfc1 Rc7 27.Qe6 Be7 28.Ncxe5 dxe5 29.Rxc7 Kh6 30.Rxc8 Rxc8
31.Rxc8  1-0

[Event "Tatry Open"]
[Site "Tatranske Zruby CZE"]
[Date "2010.10.06"]
[Round "6"]
[White "Belunek,V"]
[Black "Talla,V"]
[Result "0-1"]
[WhiteElo "2278"]
[BlackElo "2456"]

1.d4 Nf6 2.c4 g6 3.Nc3 Bg7 4.e4 d6 5.Nf3 O-O 6.Be2 e5 7.O-O Nc6 8.d5 Ne7
9.Ne1 Nd7 10.Be3 f5 11.f3 f4 12.Bf2 g5 13.Rc1 Rf6 14.c5 Nxc5 15.b4 Na6 16.Nb5 Bd7
17.a4 Rh6 18.Nd3 Qe8 19.Kh1 c6 20.dxc6 bxc6 21.Nxa7 Qh5 22.Bg1 Rxa7 23.b5 cxb5
24.axb5 Nc5 25.Nxc5 dxc5 26.Rxc5 Rb7 27.Rd5 Qe8 28.b6 Kh8 29.Rd2 Ng8 30.Qa1 Nf6
31.Rfd1 Nh5 32.Bc5 Ng3+ 33.Kg1 Nxe2+ 34.Rxe2 Rc6 35.Bf2 Bf6 36.Red2 Qc8 37.h3 Kg7
38.Qa6 Be6 39.Rd6 Rxd6 40.Rxd6 Kf7 41.Qb5 Qc4 42.Qa5 h5 43.Qa8 Qc8 44.Qa6 Be7
45.Rd1 Rd7 46.Qa1 Rxd1+ 47.Qxd1 Bc5  0-1